[Event "GER-chT School WK Girls"]
[Site "Playchess.com INT"]
[Date "2020.06.17"]
[Round "5.3"]
[White "Junge, Clara Hanna"]
[Black "Schmidt, Mia"]
[Result "0-1"]
[WhiteElo "1499"]
[BlackElo "1620"]
[PlyCount "110"]
[EventDate "2020.06.10"]
[EventType "team-swiss (blitz)"]
[EventRounds "7"]
[EventCountry "GER"]
[SourceTitle "EXT 2021"]
[Source "ChessBase"]
[SourceDate "2020.10.23"]
[SourceVersion "1"]
[SourceVersionDate "2020.10.23"]
[SourceQuality "1"]
[WhiteTeam "Rostock Ecolea"]
[BlackTeam "Luebeck Johanneum"]
[WhiteTeamCountry "GER"]
[BlackTeamCountry "GER"]

1. e4 e5 2. Nc3 Nc6 3. Nf3 Nf6 4. d3 d6 5. Bg5 Bg4 6. h3 h6 7. Bh4 Bh5 8. Be2 Be7 9. 0-0 0-0 10. Rc1 Rc8 11. Re1 Nb4 12. Rb1 d5 13. a3 Na6 14. Ra1 Bc5 15. Nxe5 dxe4 16. dxe4 Bd6 17. Nc4 Be5 18. Nxe5 Nc5 19. f3 Ncd7 20. Nd3 Qe8 21. b4 b5 22. Nxb5 a6 23. Nc3 Rb8 24. Bg3 Bg6 25. Bd6 cxd6 26. Rb1 Ne5 27. Nf2 Nc6 28. b5 axb5 29. Nxb5 Qc8 30. Nxd6 Rxb1 31. Nxc8 Rxd1 32. Rxd1 Rxc8 33. Ba6 Rd8 34. Re1 Nd7 35. Bb5 Na7 36. Bc4 Nb6 37. Bb3 Nb5 38. c4 Nxa3 39. c5 Nd7 40. Ra1 Nb5 41. c6 Nc5 42. Bc4 Nd6 43. Bd5 Rc8 44. g4 Nb5 45. h4 Nc7 46. Bc4 Ra8 47. Rc1 Ra6 48. h5 Rxc6 49. hxg6 Rxg6 50. Nh3 Rf6 51. Rf1 Nb7 52. Bd3 Nc5 53. Bc2 Nb5 54. Bb1 Na3 55. Rf2 Nxb1 0-1